000 00583nam a2200169Ia 4500
008 090711s9999 xx 000 0 und d
082 _b66483
100 _aसाठवणे पां. आ.
245 _aन्य्ूामोनिया व टॉन्सिल
260 _c1991
300 _a30
600 _aसाठवणे पां. आ.
630 _aन्य्ूामोनिया व टॉन्सिल
700 _aसाठवणे पां. आ.
730 _aन्य्ूामोनिया व टॉन्सिल
942 _cBOOK
999 _c309138
_d309138